[Event "VEN-chT Liga Superior qual"]
[Site "Caracas"]
[Date "2018.01.27"]
[Round "3.4"]
[White "Osorio Guevara, Javier Jose"]
[Black "Rojas Barrientos, Wuilfreddys"]
[Result "0-1"]
[WhiteElo "2116"]
[BlackElo "1850"]
[PlyCount "46"]
[EventDate "2018.01.26"]
[EventType "team-swiss"]
[EventRounds "6"]
[EventCountry "VEN"]
[SourceTitle "EXT 2022"]
[Source "ChessBase"]
[SourceDate "2021.10.06"]
[SourceVersion "1"]
[SourceVersionDate "2021.10.06"]
[SourceQuality "1"]
[WhiteTeam "Ajedrez Alegre"]
[BlackTeam "Hermandad Gallega de Caracas"]
[WhiteTeamCountry "VEN"]
[BlackTeamCountry "VEN"]

1. e4 e6 2. d3 Bc5 3. Nf3 h6 4. d4 Bb6 5. Bd3 Ne7 6. 0-0 0-0 7. Be3 f5 8. exf5 Nxf5 9. c3 Nc6 10. Bc2 Qf6 11. Qd3 d6 12. Nbd2 Bd7 13. g4 Qg6 14. h3 Be8 15. Qe2 h5 16. Nh4 Nfxd4 17. Bxd4 Nxd4 18. cxd4 Qxc2 19. Qxe6+ Bf7 20. Qe3 Rae8 21. Qc3 Qh7 22. Ndf3 hxg4 23. hxg4 Re4 0-1

[Event "Caracas FVA 80th Ann"]
[Site "Caracas"]
[Date "2015.12.20"]
[Round "8"]
[White "Padilla Arza, Carlos Jose"]
[Black "Rojas Barrientos, Wuilfreddys"]
[Result "0-1"]
[WhiteElo "1711"]
[BlackElo "1912"]
[PlyCount "102"]
[EventDate "2015.12.16"]
[EventType "swiss"]
[EventRounds "8"]
[EventCountry "VEN"]
[SourceTitle "EXT 2018"]
[Source "ChessBase"]
[SourceDate "2017.10.13"]
[SourceVersion "1"]
[SourceVersionDate "2017.10.13"]
[SourceQuality "1"]

1. Nf3 d5 2. d4 Nf6 3. g3 e6 4. Bg2 c5 5. 0-0 Nc6 6. c3 h6 7. Re1 Qb6 8. a3 a5 9. a4 Bd7 10. e3 Bd6 11. dxc5 Bxc5 12. Nbd2 0-0 13. Nb3 Bd6 14. Nbd4 Ne7 15. Qb3 Qc7 16. Nb5 Qb6 17. Nbd4 Qc7 18. Nb5 Qb6 19. Nbd4 Qc5 20. Nd2 e5 21. Nb5 e4 22. Nxd6 Qxd6 23. c4 Bc6 24. Qa3 Qe6 25. b3 Ng6 26. Bb2 Ng4 27. h3 N4e5 28. Kh2 Nd3 29. Rf1 Qf5 30. Kg1 Qe6 31. Bd4 Rfc8 32. f4 exf3 33. Nxf3 dxc4 34. bxc4 Qxc4 35. Nd2 Qa6 36. Ne4 Nb4 37. Rf2 Bd5 38. Nc5 Qd6 39. Bxd5 Qxd5 40. Raf1 Rxc5 41. Bxc5 Qxc5 42. Rxf7 Re8 43. Qb2 Qxe3+ 44. Qf2 Qe5 45. Rxb7 Rf8 46. Rf7 Rd8 47. Rf5 Qc3 48. Rf3 Qc6 49. Ra3 Nd3 50. Qf5 Nge5 51. Kh2 Qc2+ 0-1